| 000 | 00702nam a2200253Ia 4500 | ||
|---|---|---|---|
| 001 | 1036 | ||
| 003 | GE_BSU | ||
| 008 | 181216s||||||||xx |||||||||||||| ||und|| | ||
| 020 | _a5090072701 | ||
| 040 | _cGE_BSU | ||
| 080 | _a159.9 | ||
| 100 | _aОвчарова,Р.В. | ||
| 245 | _aСправочная книга школьного психолога | ||
| 250 | _a2-е дораб. | ||
| 260 | _aМосква | ||
| 260 | _bПросвещение | ||
| 260 | _c1996 | ||
| 300 | _a351стр. | ||
| 541 | _h10л. | ||
| 653 | _aПсихология | ||
| 653 | _aСправочная книга школьного психолога | ||
| 653 | _aფსიქოლოგია | ||
| 942 | _cBK | ||
| 999 |
_c35190 _d35190 |
||